000 00622cam a22002051 4500
001 sa 68018597
003 DLC
005 20260227112713.0
008 720824s1965 xx 000 0 ind
010 _asa 68018597
035 _a(OCoLC)390063
040 _aDLC
_cOAU
_dDLC
042 _apremarc
050 0 0 _aJQ779.A55
_bS88
100 0 _aSoekarno,
_d1901-1970.
245 1 0 _aSubur, subur, suburlah PKI
_c[oleh] Bung Karno (pidato Presiden Sukarno pada rapat raksasa ulangtahun ke-45 PKI).
260 _aDjakarta,
_bJajasan Pembaruan,
_c1965.
300 _a16 p.
_bports.
_c18 cm.
610 2 0 _aPartai Komunis Indonesia.
999 _c88529
_d88529